000 00425nam a2200181Ia 4500
001 13587
005 20260306164812.0
008 260306t2013||||xx |||||||||||||| ||spa||
041 _aESP
082 _a005.1
_bB26
100 _aBass, Len
_eAUT
245 0 _aSoftware architecture in practice
260 _c2013
300 _axlx, 589 páginas :
_c24 cm.
650 _aGEN
654 _aCCC
942 _cLIB
_dJUS
_fJUS
_2ddc
_n
999 _c13587
_d13587